| 000 | 00407nam a2200157Ia 4500 | ||
|---|---|---|---|
| 008 | 230312s9999||||xx |||||||||||||| ||und|| | ||
| 020 | _a0-07-238332-1 | ||
| 082 |
_a621.4021 _bCEN-T |
||
| 100 | _aMichael A. Boles | ||
| 245 | 0 | _aTHERMODYNAMICS | |
| 260 |
_bMcGraw Hill _aBoston _c2002 |
||
| 300 | _a930 | ||
| 546 | _aEng. | ||
| 650 |
_aEngineering _vForm of Energy , Pressure , Property Table |
||
| 942 | _cBK | ||
| 999 |
_c1182 _d1182 |
||